000 00616nam a2200241 a 4500
001 nice12345678
003 IN_TiNIC
005 20260116013927.0
008 050524s1997 oxfa grp 000 0 eng
020 _a
_c22.95
082 0 0 _a297.1226
_bESA
100 _aEsack, Farid
245 _aQuran Liberation and Pluralism
260 _aOxford
_bOne World Publications
_c1997
300 _a288p.
500 _aincludes index and biblioraphy
505 2 _aBibliography, Maps, Index
650 _aQuran and Liberation Theology
700 1 _aEsack, Farid
902 _bSRS
942 _cBK
999 _c13143
_d13143